Nopeaa matikkaa - jakolaskut - Statistics

Yleistilastot
  • Tätä visaa on pelattu 307 kertaa
  • Keskiarvotulos 11 / 20
Vastaustilastot
Lasku Vastaus % Oikein
11 ÷ 11 1
100%
12 ÷ 12 1
100%
13 ÷ 13 1
100%
14 ÷ 14 1
100%
18 ÷ 18 1
100%
19 ÷ 19 1
100%
2 ÷ 2 1
100%
20 ÷ 20 1
100%
23 ÷ 23 1
100%
25 ÷ 25 1
100%
26 ÷ 26 1
100%
29 ÷ 29 1
100%
3 ÷ 3 1
100%
30 ÷ 30 1
100%
32 ÷ 32 1
100%
33 ÷ 33 1
100%
36 ÷ 36 1
100%
38 ÷ 38 1
100%
39 ÷ 39 1
100%
4 ÷ 4 1
100%
40 ÷ 40 1
100%
41 ÷ 41 1
100%
43 ÷ 43 1
100%
45 ÷ 45 1
100%
5 ÷ 5 1
100%
50 ÷ 50 1
100%
6 ÷ 6 1
100%
9 ÷ 9 1
100%
110 ÷ 11 10
100%
130 ÷ 13 10
100%
140 ÷ 14 10
100%
160 ÷ 16 10
100%
170 ÷ 17 10
100%
190 ÷ 19 10
100%
200 ÷ 20 10
100%
210 ÷ 21 10
100%
220 ÷ 22 10
100%
270 ÷ 27 10
100%
290 ÷ 29 10
100%
300 ÷ 30 10
100%
340 ÷ 34 10
100%
350 ÷ 35 10
100%
40 ÷ 4 10
100%
430 ÷ 43 10
100%
460 ÷ 46 10
100%
470 ÷ 47 10
100%
50 ÷ 5 10
100%
60 ÷ 6 10
100%
80 ÷ 8 10
100%
200 ÷ 2 100
100%
303 ÷ 3 101
100%
204 ÷ 2 102
100%
206 ÷ 2 103
100%
208 ÷ 2 104
100%
312 ÷ 3 104
100%
210 ÷ 2 105
100%
420 ÷ 4 105
100%
212 ÷ 2 106
100%
321 ÷ 3 107
100%
432 ÷ 4 108
100%
218 ÷ 2 109
100%
436 ÷ 4 109
100%
110 ÷ 10 11
100%
231 ÷ 21 11
100%
253 ÷ 23 11
100%
33 ÷ 3 11
100%
374 ÷ 34 11
100%
88 ÷ 8 11
100%
99 ÷ 9 11
100%
550 ÷ 5 110
100%
222 ÷ 2 111
100%
444 ÷ 4 111
100%
555 ÷ 5 111
100%
336 ÷ 3 112
100%
560 ÷ 5 112
100%
226 ÷ 2 113
100%
339 ÷ 3 113
100%
452 ÷ 4 113
100%
228 ÷ 2 114
100%
342 ÷ 3 114
100%
230 ÷ 2 115
100%
345 ÷ 3 115
100%
234 ÷ 2 117
100%
236 ÷ 2 118
100%
354 ÷ 3 118
100%
595 ÷ 5 119
100%
132 ÷ 11 12
100%
144 ÷ 12 12
100%
156 ÷ 13 12
100%
168 ÷ 14 12
100%
180 ÷ 15 12
100%
384 ÷ 32 12
100%
396 ÷ 33 12
100%
456 ÷ 38 12
100%
528 ÷ 44 12
100%
540 ÷ 45 12
100%
60 ÷ 5 12
100%
600 ÷ 50 12
100%
84 ÷ 7 12
100%
96 ÷ 8 12
100%
360 ÷ 3 120
100%
480 ÷ 4 120
100%
600 ÷ 5 120
100%
363 ÷ 3 121
100%
366 ÷ 3 122
100%
372 ÷ 3 124
100%
496 ÷ 4 124
100%
252 ÷ 2 126
100%
104 ÷ 8 13
100%
130 ÷ 10 13
100%
26 ÷ 2 13
100%
260 ÷ 20 13
100%
377 ÷ 29 13
100%
390 ÷ 30 13
100%
416 ÷ 32 13
100%
494 ÷ 38 13
100%
91 ÷ 7 13
100%
260 ÷ 2 130
100%
390 ÷ 3 130
100%
262 ÷ 2 131
100%
393 ÷ 3 131
100%
270 ÷ 2 135
100%
408 ÷ 3 136
100%
274 ÷ 2 137
100%
548 ÷ 4 137
100%
276 ÷ 2 138
100%
278 ÷ 2 139
100%
154 ÷ 11 14
100%
210 ÷ 15 14
100%
28 ÷ 2 14
100%
322 ÷ 23 14
100%
350 ÷ 25 14
100%
406 ÷ 29 14
100%
518 ÷ 37 14
100%
532 ÷ 38 14
100%
560 ÷ 40 14
100%
588 ÷ 42 14
100%
84 ÷ 6 14
100%
280 ÷ 2 140
100%
420 ÷ 3 140
100%
560 ÷ 4 140
100%
282 ÷ 2 141
100%
423 ÷ 3 141
100%
284 ÷ 2 142
100%
568 ÷ 4 142
100%
286 ÷ 2 143
100%
288 ÷ 2 144
100%
290 ÷ 2 145
100%
292 ÷ 2 146
100%
596 ÷ 4 149
100%
150 ÷ 10 15
100%
180 ÷ 12 15
100%
270 ÷ 18 15
100%
300 ÷ 20 15
100%
45 ÷ 3 15
100%
75 ÷ 5 15
100%
300 ÷ 2 150
100%
450 ÷ 3 150
100%
302 ÷ 2 151
100%
304 ÷ 2 152
100%
310 ÷ 2 155
100%
314 ÷ 2 157
100%
318 ÷ 2 159
100%
112 ÷ 7 16
100%
160 ÷ 10 16
100%
176 ÷ 11 16
100%
256 ÷ 16 16
100%
384 ÷ 24 16
100%
64 ÷ 4 16
100%
80 ÷ 5 16
100%
320 ÷ 2 160
100%
328 ÷ 2 164
100%
136 ÷ 8 17
100%
323 ÷ 19 17
100%
34 ÷ 2 17
100%
357 ÷ 21 17
100%
527 ÷ 31 17
100%
595 ÷ 35 17
100%
68 ÷ 4 17
100%
510 ÷ 3 170
100%
342 ÷ 2 171
100%
348 ÷ 2 174
100%
354 ÷ 2 177
100%
108 ÷ 6 18
100%
36 ÷ 2 18
100%
360 ÷ 20 18
100%
468 ÷ 26 18
100%
54 ÷ 3 18
100%
72 ÷ 4 18
100%
90 ÷ 5 18
100%
360 ÷ 2 180
100%
546 ÷ 3 182
100%
114 ÷ 6 19
100%
190 ÷ 10 19
100%
228 ÷ 12 19
100%
380 ÷ 20 19
100%
418 ÷ 22 19
100%
456 ÷ 24 19
100%
95 ÷ 5 19
100%
380 ÷ 2 190
100%
382 ÷ 2 191
100%
384 ÷ 2 192
100%
386 ÷ 2 193
100%
579 ÷ 3 193
100%
390 ÷ 2 195
100%
591 ÷ 3 197
100%
594 ÷ 3 198
100%
100 ÷ 50 2
100%
16 ÷ 8 2
100%
18 ÷ 9 2
100%
20 ÷ 10 2
100%
22 ÷ 11 2
100%
26 ÷ 13 2
100%
28 ÷ 14 2
100%
30 ÷ 15 2
100%
36 ÷ 18 2
100%
4 ÷ 2 2
100%
40 ÷ 20 2
100%
46 ÷ 23 2
100%
48 ÷ 24 2
100%
50 ÷ 25 2
100%
6 ÷ 3 2
100%
60 ÷ 30 2
100%
62 ÷ 31 2
100%
64 ÷ 32 2
100%
68 ÷ 34 2
100%
70 ÷ 35 2
100%
80 ÷ 40 2
100%
82 ÷ 41 2
100%
120 ÷ 6 20
100%
160 ÷ 8 20
100%
200 ÷ 10 20
100%
220 ÷ 11 20
100%
320 ÷ 16 20
100%
40 ÷ 2 20
100%
400 ÷ 20 20
100%
420 ÷ 21 20
100%
460 ÷ 23 20
100%
480 ÷ 24 20
100%
540 ÷ 27 20
100%
60 ÷ 3 20
100%
600 ÷ 30 20
100%
600 ÷ 3 200
100%
404 ÷ 2 202
100%
406 ÷ 2 203
100%
412 ÷ 2 206
100%
418 ÷ 2 209
100%
105 ÷ 5 21
100%
126 ÷ 6 21
100%
315 ÷ 15 21
100%
42 ÷ 2 21
100%
63 ÷ 3 21
100%
84 ÷ 4 21
100%
420 ÷ 2 210
100%
424 ÷ 2 212
100%
426 ÷ 2 213
100%
428 ÷ 2 214
100%
434 ÷ 2 217
100%
436 ÷ 2 218
100%
110 ÷ 5 22
100%
44 ÷ 2 22
100%
528 ÷ 24 22
100%
572 ÷ 26 22
100%
442 ÷ 2 221
100%
448 ÷ 2 224
100%
450 ÷ 2 225
100%
456 ÷ 2 228
100%
230 ÷ 10 23
100%
299 ÷ 13 23
100%
460 ÷ 20 23
100%
598 ÷ 26 23
100%
69 ÷ 3 23
100%
92 ÷ 4 23
100%
466 ÷ 2 233
100%
472 ÷ 2 236
100%
474 ÷ 2 237
100%
478 ÷ 2 239
100%
144 ÷ 6 24
100%
168 ÷ 7 24
100%
240 ÷ 10 24
100%
264 ÷ 11 24
100%
288 ÷ 12 24
100%
312 ÷ 13 24
100%
480 ÷ 20 24
100%
480 ÷ 2 240
100%
484 ÷ 2 242
100%
486 ÷ 2 243
100%
488 ÷ 2 244
100%
490 ÷ 2 245
100%
150 ÷ 6 25
100%
175 ÷ 7 25
100%
50 ÷ 2 25
100%
500 ÷ 20 25
100%
500 ÷ 2 250
100%
504 ÷ 2 252
100%
508 ÷ 2 254
100%
510 ÷ 2 255
100%
514 ÷ 2 257
100%
516 ÷ 2 258
100%
518 ÷ 2 259
100%
104 ÷ 4 26
100%
286 ÷ 11 26
100%
338 ÷ 13 26
100%
364 ÷ 14 26
100%
520 ÷ 2 260
100%
528 ÷ 2 264
100%
532 ÷ 2 266
100%
536 ÷ 2 268
100%
135 ÷ 5 27
100%
324 ÷ 12 27
100%
594 ÷ 22 27
100%
542 ÷ 2 271
100%
550 ÷ 2 275
100%
556 ÷ 2 278
100%
280 ÷ 10 28
100%
308 ÷ 11 28
100%
560 ÷ 20 28
100%
560 ÷ 2 280
100%
562 ÷ 2 281
100%
570 ÷ 2 285
100%
116 ÷ 4 29
100%
174 ÷ 6 29
100%
290 ÷ 10 29
100%
435 ÷ 15 29
100%
87 ÷ 3 29
100%
588 ÷ 2 294
100%
590 ÷ 2 295
100%
117 ÷ 39 3
100%
138 ÷ 46 3
100%
15 ÷ 5 3
100%
150 ÷ 50 3
100%
18 ÷ 6 3
100%
24 ÷ 8 3
100%
27 ÷ 9 3
100%
30 ÷ 10 3
100%
33 ÷ 11 3
100%
36 ÷ 12 3
100%
48 ÷ 16 3
100%
54 ÷ 18 3
100%
6 ÷ 2 3
100%
60 ÷ 20 3
100%
66 ÷ 22 3
100%
90 ÷ 30 3
100%
96 ÷ 32 3
100%
99 ÷ 33 3
100%
120 ÷ 4 30
100%
150 ÷ 5 30
100%
180 ÷ 6 30
100%
300 ÷ 10 30
100%
360 ÷ 12 30
100%
480 ÷ 16 30
100%
60 ÷ 2 30
100%
600 ÷ 20 30
100%
90 ÷ 3 30
100%
155 ÷ 5 31
100%
310 ÷ 10 31
100%
128 ÷ 4 32
100%
192 ÷ 6 32
100%
288 ÷ 9 32
100%
320 ÷ 10 32
100%
416 ÷ 13 32
100%
64 ÷ 2 32
100%
96 ÷ 3 32
100%
132 ÷ 4 33
100%
330 ÷ 10 33
100%
495 ÷ 15 33
100%
66 ÷ 2 33
100%
99 ÷ 3 33
100%
68 ÷ 2 34
100%
105 ÷ 3 35
100%
350 ÷ 10 35
100%
385 ÷ 11 35
100%
144 ÷ 4 36
100%
180 ÷ 5 36
100%
324 ÷ 9 36
100%
360 ÷ 10 36
100%
148 ÷ 4 37
100%
370 ÷ 10 37
100%
74 ÷ 2 37
100%
228 ÷ 6 38
100%
266 ÷ 7 38
100%
342 ÷ 9 38
100%
380 ÷ 10 38
100%
418 ÷ 11 38
100%
570 ÷ 15 38
100%
76 ÷ 2 38
100%
195 ÷ 5 39
100%
12 ÷ 3 4
100%
124 ÷ 31 4
100%
152 ÷ 38 4
100%
16 ÷ 4 4
100%
160 ÷ 40 4
100%
24 ÷ 6 4
100%
28 ÷ 7 4
100%
32 ÷ 8 4
100%
40 ÷ 10 4
100%
44 ÷ 11 4
100%
48 ÷ 12 4
100%
56 ÷ 14 4
100%
68 ÷ 17 4
100%
8 ÷ 2 4
100%
84 ÷ 21 4
100%
88 ÷ 22 4
100%
120 ÷ 3 40
100%
160 ÷ 4 40
100%
280 ÷ 7 40
100%
400 ÷ 10 40
100%
600 ÷ 15 40
100%
80 ÷ 2 40
100%
246 ÷ 6 41
100%
328 ÷ 8 41
100%
126 ÷ 3 42
100%
210 ÷ 5 42
100%
258 ÷ 6 43
100%
473 ÷ 11 43
100%
86 ÷ 2 43
100%
220 ÷ 5 44
100%
528 ÷ 12 44
100%
135 ÷ 3 45
100%
180 ÷ 4 45
100%
315 ÷ 7 45
100%
368 ÷ 8 46
100%
414 ÷ 9 46
100%
460 ÷ 10 46
100%
92 ÷ 2 46
100%
188 ÷ 4 47
100%
517 ÷ 11 47
100%
94 ÷ 2 47
100%
192 ÷ 4 48
100%
480 ÷ 10 48
100%
392 ÷ 8 49
100%
441 ÷ 9 49
100%
98 ÷ 2 49
100%
100 ÷ 20 5
100%
110 ÷ 22 5
100%
145 ÷ 29 5
100%
15 ÷ 3 5
100%
165 ÷ 33 5
100%
200 ÷ 40 5
100%
215 ÷ 43 5
100%
225 ÷ 45 5
100%
250 ÷ 50 5
100%
30 ÷ 6 5
100%
45 ÷ 9 5
100%
55 ÷ 11 5
100%
70 ÷ 14 5
100%
75 ÷ 15 5
100%
85 ÷ 17 5
100%
90 ÷ 18 5
100%
200 ÷ 4 50
100%
250 ÷ 5 50
100%
300 ÷ 6 50
100%
400 ÷ 8 50
100%
500 ÷ 10 50
100%
102 ÷ 2 51
100%
204 ÷ 4 51
100%
255 ÷ 5 51
100%
104 ÷ 2 52
100%
260 ÷ 5 52
100%
416 ÷ 8 52
100%
520 ÷ 10 52
100%
572 ÷ 11 52
100%
106 ÷ 2 53
100%
159 ÷ 3 53
100%
212 ÷ 4 53
100%
424 ÷ 8 53
100%
108 ÷ 2 54
100%
270 ÷ 5 54
100%
540 ÷ 10 54
100%
110 ÷ 2 55
100%
165 ÷ 3 55
100%
495 ÷ 9 55
100%
550 ÷ 10 55
100%
285 ÷ 5 57
100%
116 ÷ 2 58
100%
580 ÷ 10 58
100%
118 ÷ 2 59
100%
102 ÷ 17 6
100%
138 ÷ 23 6
100%
144 ÷ 24 6
100%
180 ÷ 30 6
100%
24 ÷ 4 6
100%
246 ÷ 41 6
100%
30 ÷ 5 6
100%
36 ÷ 6 6
100%
48 ÷ 8 6
100%
72 ÷ 12 6
100%
78 ÷ 13 6
100%
90 ÷ 15 6
100%
240 ÷ 4 60
100%
300 ÷ 5 60
100%
244 ÷ 4 61
100%
305 ÷ 5 61
100%
186 ÷ 3 62
100%
126 ÷ 2 63
100%
128 ÷ 2 64
100%
260 ÷ 4 65
100%
325 ÷ 5 65
100%
330 ÷ 5 66
100%
594 ÷ 9 66
100%
136 ÷ 2 68
100%
340 ÷ 5 68
100%
544 ÷ 8 68
100%
138 ÷ 2 69
100%
154 ÷ 22 7
100%
175 ÷ 25 7
100%
21 ÷ 3 7
100%
231 ÷ 33 7
100%
273 ÷ 39 7
100%
280 ÷ 40 7
100%
350 ÷ 50 7
100%
42 ÷ 6 7
100%
63 ÷ 9 7
100%
140 ÷ 2 70
100%
210 ÷ 3 70
100%
560 ÷ 8 70
100%
142 ÷ 2 71
100%
426 ÷ 6 71
100%
497 ÷ 7 71
100%
216 ÷ 3 72
100%
146 ÷ 2 73
100%
148 ÷ 2 74
100%
222 ÷ 3 74
100%
296 ÷ 4 74
100%
225 ÷ 3 75
100%
152 ÷ 2 76
100%
380 ÷ 5 76
100%
154 ÷ 2 77
100%
234 ÷ 3 78
100%
158 ÷ 2 79
100%
316 ÷ 4 79
100%
395 ÷ 5 79
100%
474 ÷ 6 79
100%
120 ÷ 15 8
100%
16 ÷ 2 8
100%
24 ÷ 3 8
100%
280 ÷ 35 8
100%
32 ÷ 4 8
100%
344 ÷ 43 8
100%
392 ÷ 49 8
100%
40 ÷ 5 8
100%
72 ÷ 9 8
100%
88 ÷ 11 8
100%
96 ÷ 12 8
100%
160 ÷ 2 80
100%
240 ÷ 3 80
100%
320 ÷ 4 80
100%
400 ÷ 5 80
100%
162 ÷ 2 81
100%
410 ÷ 5 82
100%
415 ÷ 5 83
100%
168 ÷ 2 84
100%
170 ÷ 2 85
100%
255 ÷ 3 85
100%
340 ÷ 4 85
100%
595 ÷ 7 85
100%
172 ÷ 2 86
100%
176 ÷ 2 88
100%
178 ÷ 2 89
100%
144 ÷ 16 9
100%
18 ÷ 2 9
100%
180 ÷ 20 9
100%
225 ÷ 25 9
100%
27 ÷ 3 9
100%
315 ÷ 35 9
100%
45 ÷ 5 9
100%
54 ÷ 6 9
100%
90 ÷ 10 9
100%
99 ÷ 11 9
100%
180 ÷ 2 90
100%
360 ÷ 4 90
100%
540 ÷ 6 90
100%
182 ÷ 2 91
100%
364 ÷ 4 91
100%
184 ÷ 2 92
100%
465 ÷ 5 93
100%
376 ÷ 4 94
100%
190 ÷ 2 95
100%
285 ÷ 3 95
100%
380 ÷ 4 95
100%
192 ÷ 2 96
100%
288 ÷ 3 96
100%
194 ÷ 2 97
100%
408 ÷ 2 204
88%
220 ÷ 20 11
86%
260 ÷ 26 10
83%
330 ÷ 33 10
83%
440 ÷ 4 110
83%
242 ÷ 2 121
83%
72 ÷ 3 24
83%
122 ÷ 2 61
83%
21 ÷ 21 1
80%
8 ÷ 8 1
80%
220 ÷ 2 110
80%
600 ÷ 4 150
80%
312 ÷ 2 156
80%
356 ÷ 2 178
80%
56 ÷ 2 28
80%
124 ÷ 4 31
80%
152 ÷ 4 38
80%
88 ÷ 2 44
80%
10 ÷ 2 5
80%
80 ÷ 16 5
80%
150 ÷ 3 50
80%
54 ÷ 9 6
80%
600 ÷ 10 60
80%
310 ÷ 5 62
80%
256 ÷ 4 64
80%
80 ÷ 10 8
80%
450 ÷ 5 90
80%
10 ÷ 10 1
75%
24 ÷ 24 1
75%
49 ÷ 49 1
75%
120 ÷ 12 10
75%
150 ÷ 15 10
75%
70 ÷ 7 10
75%
500 ÷ 5 100
75%
214 ÷ 2 107
75%
216 ÷ 2 108
75%
429 ÷ 39 11
75%
550 ÷ 50 11
75%
36 ÷ 3 12
75%
246 ÷ 2 123
75%
266 ÷ 2 133
75%
296 ÷ 2 148
75%
225 ÷ 15 15
75%
456 ÷ 3 152
75%
330 ÷ 2 165
75%
498 ÷ 3 166
75%
221 ÷ 13 17
75%
531 ÷ 3 177
75%
372 ÷ 2 186
75%
10 ÷ 5 2
75%
32 ÷ 16 2
75%
42 ÷ 21 2
75%
72 ÷ 36 2
75%
96 ÷ 48 2
75%
422 ÷ 2 211
75%
430 ÷ 2 215
75%
220 ÷ 10 22
75%
264 ÷ 12 22
75%
115 ÷ 5 23
75%
345 ÷ 15 23
75%
46 ÷ 2 23
75%
120 ÷ 5 24
75%
482 ÷ 2 241
75%
260 ÷ 10 26
75%
81 ÷ 3 27
75%
546 ÷ 2 273
75%
112 ÷ 4 28
75%
58 ÷ 2 29
75%
120 ÷ 40 3
75%
240 ÷ 8 30
75%
390 ÷ 13 30
75%
312 ÷ 8 39
75%
78 ÷ 2 39
75%
112 ÷ 28 4
75%
116 ÷ 29 4
75%
168 ÷ 4 42
75%
84 ÷ 2 42
75%
60 ÷ 12 5
75%
378 ÷ 7 54
75%
336 ÷ 6 56
75%
174 ÷ 3 58
75%
114 ÷ 19 6
75%
240 ÷ 40 6
75%
300 ÷ 50 6
75%
60 ÷ 10 6
75%
189 ÷ 3 63
75%
168 ÷ 24 7
75%
28 ÷ 4 7
75%
35 ÷ 5 7
75%
63 ÷ 7 9
75%
273 ÷ 3 91
75%
240 ÷ 5 48
71%
37 ÷ 37 1
67%
7 ÷ 7 1
67%
250 ÷ 25 10
67%
280 ÷ 28 10
67%
30 ÷ 3 10
67%
310 ÷ 31 10
67%
420 ÷ 42 10
67%
450 ÷ 45 10
67%
500 ÷ 50 10
67%
404 ÷ 4 101
67%
315 ÷ 3 105
67%
318 ÷ 3 106
67%
341 ÷ 31 11
67%
352 ÷ 32 11
67%
77 ÷ 7 11
67%
448 ÷ 4 112
67%
575 ÷ 5 115
67%
590 ÷ 5 118
67%
484 ÷ 4 121
67%
244 ÷ 2 122
67%
488 ÷ 4 122
67%
299 ÷ 23 13
67%
455 ÷ 35 13
67%
52 ÷ 4 13
67%
65 ÷ 5 13
67%
520 ÷ 4 130
67%
524 ÷ 4 131
67%
448 ÷ 32 14
67%
98 ÷ 7 14
67%
195 ÷ 13 15
67%
128 ÷ 8 16
67%
304 ÷ 19 16
67%
320 ÷ 20 16
67%
322 ÷ 2 161
67%
102 ÷ 6 17
67%
374 ÷ 2 187
67%
494 ÷ 26 19
67%
513 ÷ 27 19
67%
76 ÷ 4 19
67%
12 ÷ 6 2
67%
54 ÷ 27 2
67%
100 ÷ 5 20
67%
300 ÷ 15 20
67%
380 ÷ 19 20
67%
500 ÷ 25 20
67%
410 ÷ 2 205
67%
504 ÷ 24 21
67%
452 ÷ 2 226
67%
506 ÷ 22 23
67%
476 ÷ 2 238
67%
496 ÷ 2 248
67%
502 ÷ 2 251
67%
512 ÷ 2 256
67%
524 ÷ 2 262
67%
364 ÷ 13 28
67%
564 ÷ 2 282
67%
594 ÷ 2 297
67%
102 ÷ 34 3
67%
51 ÷ 17 3
67%
75 ÷ 25 3
67%
270 ÷ 9 30
67%
93 ÷ 3 31
67%
256 ÷ 8 32
67%
384 ÷ 12 32
67%
528 ÷ 16 33
67%
561 ÷ 17 33
67%
136 ÷ 4 34
67%
170 ÷ 5 34
67%
585 ÷ 15 39
67%
104 ÷ 26 4
67%
140 ÷ 35 4
67%
320 ÷ 8 40
67%
205 ÷ 5 41
67%
172 ÷ 4 43
67%
430 ÷ 10 43
67%
225 ÷ 5 45
67%
138 ÷ 3 46
67%
423 ÷ 9 47
67%
470 ÷ 10 47
67%
288 ÷ 6 48
67%
96 ÷ 2 48
67%
125 ÷ 25 5
67%
210 ÷ 42 5
67%
408 ÷ 8 51
67%
208 ÷ 4 52
67%
530 ÷ 10 53
67%
385 ÷ 7 55
67%
171 ÷ 3 57
67%
570 ÷ 10 57
67%
42 ÷ 7 6
67%
378 ÷ 6 63
67%
132 ÷ 2 66
67%
396 ÷ 6 66
67%
134 ÷ 2 67
67%
207 ÷ 3 69
67%
552 ÷ 8 69
67%
77 ÷ 11 7
67%
98 ÷ 14 7
67%
288 ÷ 4 72
67%
104 ÷ 13 8
67%
136 ÷ 17 8
67%
304 ÷ 38 8
67%
376 ÷ 47 8
67%
64 ÷ 8 8
67%
164 ÷ 2 82
67%
348 ÷ 4 87
67%
267 ÷ 3 89
67%
162 ÷ 18 9
67%
171 ÷ 19 9
67%
324 ÷ 36 9
67%
360 ÷ 40 9
67%
432 ÷ 48 9
67%
450 ÷ 50 9
67%
270 ÷ 3 90
67%
186 ÷ 2 93
67%
291 ÷ 3 97
67%
27 ÷ 27 1
60%
327 ÷ 3 109
60%
60 ÷ 4 15
60%
32 ÷ 2 16
60%
130 ÷ 5 26
60%
493 ÷ 17 29
60%
600 ÷ 12 50
60%
399 ÷ 7 57
60%
120 ÷ 20 6
60%
84 ÷ 14 6
60%
420 ÷ 6 70
60%
231 ÷ 3 77
60%
156 ÷ 2 78
60%
564 ÷ 6 94
60%
473 ÷ 43 11
57%
598 ÷ 2 299
57%
600 ÷ 2 300
57%
490 ÷ 7 70
57%
22 ÷ 22 1
50%
28 ÷ 28 1
50%
390 ÷ 39 10
50%
400 ÷ 40 10
50%
410 ÷ 41 10
50%
490 ÷ 49 10
50%
90 ÷ 9 10
50%
400 ÷ 4 100
50%
408 ÷ 4 102
50%
510 ÷ 5 102
50%
309 ÷ 3 103
50%
412 ÷ 4 103
50%
525 ÷ 5 105
50%
428 ÷ 4 107
50%
121 ÷ 11 11
50%
187 ÷ 17 11
50%
198 ÷ 18 11
50%
286 ÷ 26 11
50%
363 ÷ 33 11
50%
407 ÷ 37 11
50%
517 ÷ 47 11
50%
55 ÷ 5 11
50%
66 ÷ 6 11
50%
333 ÷ 3 111
50%
456 ÷ 4 114
50%
570 ÷ 5 114
50%
468 ÷ 4 117
50%
357 ÷ 3 119
50%
24 ÷ 2 12
50%
288 ÷ 24 12
50%
348 ÷ 29 12
50%
432 ÷ 36 12
50%
480 ÷ 40 12
50%
240 ÷ 2 120
50%
256 ÷ 2 128
50%
516 ÷ 4 129
50%
143 ÷ 11 13
50%
182 ÷ 14 13
50%
195 ÷ 15 13
50%
221 ÷ 17 13
50%
351 ÷ 27 13
50%
364 ÷ 28 13
50%
481 ÷ 37 13
50%
528 ÷ 4 132
50%
399 ÷ 3 133
50%
268 ÷ 2 134
50%
536 ÷ 4 134
50%
556 ÷ 4 139
50%
182 ÷ 13 14
50%
336 ÷ 24 14
50%
364 ÷ 26 14
50%
42 ÷ 3 14
50%
476 ÷ 34 14
50%
429 ÷ 3 143
50%
294 ÷ 2 147
50%
588 ÷ 4 147
50%
30 ÷ 2 15
50%
405 ÷ 27 15
50%
510 ÷ 34 15
50%
600 ÷ 40 15
50%
90 ÷ 6 15
50%
459 ÷ 3 153
50%
144 ÷ 9 16
50%
208 ÷ 13 16
50%
240 ÷ 15 16
50%
288 ÷ 18 16
50%
352 ÷ 22 16
50%
400 ÷ 25 16
50%
496 ÷ 31 16
50%
512 ÷ 32 16
50%
528 ÷ 33 16
50%
480 ÷ 3 160
50%
483 ÷ 3 161
50%
486 ÷ 3 162
50%
326 ÷ 2 163
50%
489 ÷ 3 163
50%
338 ÷ 2 169
50%
119 ÷ 7 17
50%
170 ÷ 10 17
50%
187 ÷ 11 17
50%
408 ÷ 24 17
50%
513 ÷ 3 171
50%
346 ÷ 2 173
50%
528 ÷ 3 176
50%
126 ÷ 7 18
50%
270 ÷ 15 18
50%
378 ÷ 21 18
50%
540 ÷ 30 18
50%
576 ÷ 32 18
50%
594 ÷ 33 18
50%
364 ÷ 2 182
50%
552 ÷ 3 184
50%
370 ÷ 2 185
50%
152 ÷ 8 19
50%
209 ÷ 11 19
50%
551 ÷ 29 19
50%
589 ÷ 31 19
50%
396 ÷ 2 198
50%
398 ÷ 2 199
50%
34 ÷ 17 2
50%
44 ÷ 22 2
50%
74 ÷ 37 2
50%
8 ÷ 4 2
50%
240 ÷ 12 20
50%
520 ÷ 26 20
50%
400 ÷ 2 200
50%
402 ÷ 2 201
50%
414 ÷ 2 207
50%
168 ÷ 8 21
50%
231 ÷ 11 21
50%
294 ÷ 14 21
50%
432 ÷ 2 216
50%
132 ÷ 6 22
50%
176 ÷ 8 22
50%
330 ÷ 15 22
50%
440 ÷ 20 22
50%
550 ÷ 25 22
50%
440 ÷ 2 220
50%
161 ÷ 7 23
50%
575 ÷ 25 23
50%
464 ÷ 2 232
50%
470 ÷ 2 235
50%
216 ÷ 9 24
50%
360 ÷ 15 24
50%
504 ÷ 21 24
50%
600 ÷ 25 24
50%
494 ÷ 2 247
50%
498 ÷ 2 249
50%
475 ÷ 19 25
50%
182 ÷ 7 26
50%
416 ÷ 16 26
50%
52 ÷ 2 26
50%
522 ÷ 2 261
50%
530 ÷ 2 265
50%
108 ÷ 4 27
50%
270 ÷ 10 27
50%
351 ÷ 13 27
50%
459 ÷ 17 27
50%
54 ÷ 2 27
50%
540 ÷ 2 270
50%
554 ÷ 2 277
50%
392 ÷ 14 28
50%
420 ÷ 15 28
50%
572 ÷ 2 286
50%
574 ÷ 2 287
50%
576 ÷ 2 288
50%
348 ÷ 12 29
50%
584 ÷ 2 292
50%
592 ÷ 2 296
50%
105 ÷ 35 3
50%
12 ÷ 4 3
50%
141 ÷ 47 3
50%
63 ÷ 21 3
50%
93 ÷ 31 3
50%
330 ÷ 11 30
50%
248 ÷ 8 31
50%
279 ÷ 9 31
50%
341 ÷ 11 31
50%
62 ÷ 2 31
50%
512 ÷ 16 32
50%
544 ÷ 17 32
50%
165 ÷ 5 33
50%
264 ÷ 8 33
50%
363 ÷ 11 33
50%
102 ÷ 3 34
50%
340 ÷ 10 34
50%
408 ÷ 12 34
50%
578 ÷ 17 34
50%
140 ÷ 4 35
50%
245 ÷ 7 35
50%
315 ÷ 9 35
50%
525 ÷ 15 35
50%
560 ÷ 16 35
50%
595 ÷ 17 35
50%
576 ÷ 16 36
50%
222 ÷ 6 37
50%
518 ÷ 14 37
50%
429 ÷ 11 39
50%
100 ÷ 25 4
50%
132 ÷ 33 4
50%
148 ÷ 37 4
50%
192 ÷ 48 4
50%
200 ÷ 50 4
50%
36 ÷ 9 4
50%
52 ÷ 13 4
50%
72 ÷ 18 4
50%
200 ÷ 5 40
50%
440 ÷ 11 40
50%
123 ÷ 3 41
50%
164 ÷ 4 41
50%
82 ÷ 2 41
50%
420 ÷ 10 42
50%
270 ÷ 6 45
50%
405 ÷ 9 45
50%
495 ÷ 11 45
50%
90 ÷ 2 45
50%
329 ÷ 7 47
50%
144 ÷ 3 48
50%
336 ÷ 7 48
50%
384 ÷ 8 48
50%
294 ÷ 6 49
50%
588 ÷ 12 49
50%
180 ÷ 36 5
50%
20 ÷ 4 5
50%
205 ÷ 41 5
50%
220 ÷ 44 5
50%
230 ÷ 46 5
50%
245 ÷ 49 5
50%
25 ÷ 5 5
50%
35 ÷ 7 5
50%
40 ÷ 8 5
50%
50 ÷ 10 5
50%
100 ÷ 2 50
50%
450 ÷ 9 50
50%
357 ÷ 7 51
50%
561 ÷ 11 51
50%
324 ÷ 6 54
50%
220 ÷ 4 55
50%
330 ÷ 6 55
50%
504 ÷ 9 56
50%
228 ÷ 4 57
50%
456 ÷ 8 57
50%
531 ÷ 9 59
50%
108 ÷ 18 6
50%
126 ÷ 21 6
50%
156 ÷ 26 6
50%
168 ÷ 28 6
50%
210 ÷ 35 6
50%
294 ÷ 49 6
50%
120 ÷ 2 60
50%
360 ÷ 6 60
50%
488 ÷ 8 61
50%
248 ÷ 4 62
50%
567 ÷ 9 63
50%
384 ÷ 6 64
50%
130 ÷ 2 65
50%
528 ÷ 8 66
50%
276 ÷ 4 69
50%
140 ÷ 20 7
50%
196 ÷ 28 7
50%
217 ÷ 31 7
50%
266 ÷ 38 7
50%
287 ÷ 41 7
50%
91 ÷ 13 7
50%
280 ÷ 4 70
50%
350 ÷ 5 70
50%
355 ÷ 5 71
50%
144 ÷ 2 72
50%
576 ÷ 8 72
50%
438 ÷ 6 73
50%
150 ÷ 2 75
50%
600 ÷ 8 75
50%
304 ÷ 4 76
50%
462 ÷ 6 77
50%
312 ÷ 4 78
50%
390 ÷ 5 78
50%
553 ÷ 7 79
50%
112 ÷ 14 8
50%
128 ÷ 16 8
50%
192 ÷ 24 8
50%
296 ÷ 37 8
50%
312 ÷ 39 8
50%
320 ÷ 40 8
50%
328 ÷ 41 8
50%
368 ÷ 46 8
50%
400 ÷ 50 8
50%
56 ÷ 7 8
50%
243 ÷ 3 81
50%
166 ÷ 2 83
50%
249 ÷ 3 83
50%
252 ÷ 3 84
50%
510 ÷ 6 85
50%
440 ÷ 5 88
50%
445 ÷ 5 89
50%
153 ÷ 17 9
50%
261 ÷ 29 9
50%
306 ÷ 34 9
50%
387 ÷ 43 9
50%
81 ÷ 9 9
50%
546 ÷ 6 91
50%
276 ÷ 3 92
50%
188 ÷ 2 94
50%
485 ÷ 5 97
50%
198 ÷ 2 99
50%
396 ÷ 4 99
50%
495 ÷ 5 99
50%
276 ÷ 12 23
43%
243 ÷ 27 9
43%
370 ÷ 37 10
40%
319 ÷ 29 11
40%
508 ÷ 4 127
40%
396 ÷ 3 132
40%
540 ÷ 4 135
40%
210 ÷ 14 15
40%
315 ÷ 21 15
40%
85 ÷ 5 17
40%
198 ÷ 11 18
40%
396 ÷ 22 18
40%
573 ÷ 3 191
40%
56 ÷ 28 2
40%
84 ÷ 42 2
40%
92 ÷ 46 2
40%
462 ÷ 22 21
40%
446 ÷ 2 223
40%
78 ÷ 3 26
40%
513 ÷ 19 27
40%
84 ÷ 3 28
40%
494 ÷ 13 38
40%
184 ÷ 46 4
40%
132 ÷ 3 44
40%
306 ÷ 6 51
40%
427 ÷ 7 61
40%
483 ÷ 7 69
40%
370 ÷ 5 74
40%
525 ÷ 7 75
40%
492 ÷ 6 82
40%
108 ÷ 12 9
40%
35 ÷ 35 1
33%
240 ÷ 24 10
33%
360 ÷ 36 10
33%
242 ÷ 22 11
33%
264 ÷ 24 11
33%
275 ÷ 25 11
33%
297 ÷ 27 11
33%
44 ÷ 4 11
33%
440 ÷ 40 11
33%
495 ÷ 45 11
33%
330 ÷ 3 110
33%
464 ÷ 4 116
33%
351 ÷ 3 117
33%
240 ÷ 20 12
33%
372 ÷ 31 12
33%
369 ÷ 3 123
33%
248 ÷ 2 124
33%
500 ÷ 4 125
33%
512 ÷ 4 128
33%
117 ÷ 9 13
33%
169 ÷ 13 13
33%
312 ÷ 24 13
33%
520 ÷ 40 13
33%
405 ÷ 3 135
33%
564 ÷ 4 141
33%
432 ÷ 3 144
33%
580 ÷ 4 145
33%
240 ÷ 16 15
33%
540 ÷ 36 15
33%
416 ÷ 26 16
33%
432 ÷ 27 16
33%
480 ÷ 30 16
33%
576 ÷ 36 16
33%
324 ÷ 2 162
33%
425 ÷ 25 17
33%
358 ÷ 2 179
33%
399 ÷ 21 19
33%
532 ÷ 28 19
33%
597 ÷ 3 199
33%
52 ÷ 26 2
33%
140 ÷ 7 20
33%
242 ÷ 11 22
33%
308 ÷ 14 22
33%
374 ÷ 17 22
33%
418 ÷ 19 22
33%
484 ÷ 22 22
33%
594 ÷ 27 22
33%
456 ÷ 19 24
33%
576 ÷ 24 24
33%
225 ÷ 9 25
33%
234 ÷ 9 26
33%
572 ÷ 22 26
33%
140 ÷ 5 28
33%
464 ÷ 16 29
33%
111 ÷ 37 3
33%
126 ÷ 42 3
33%
39 ÷ 13 3
33%
420 ÷ 14 30
33%
527 ÷ 17 31
33%
352 ÷ 11 32
33%
429 ÷ 13 33
33%
210 ÷ 6 35
33%
280 ÷ 8 35
33%
252 ÷ 7 36
33%
396 ÷ 11 36
33%
432 ÷ 12 36
33%
296 ÷ 8 37
33%
407 ÷ 11 37
33%
444 ÷ 12 37
33%
136 ÷ 34 4
33%
60 ÷ 15 4
33%
410 ÷ 10 41
33%
546 ÷ 13 42
33%
516 ÷ 12 43
33%
585 ÷ 13 45
33%
230 ÷ 5 46
33%
598 ÷ 13 46
33%
528 ÷ 11 48
33%
115 ÷ 23 5
33%
120 ÷ 24 5
33%
130 ÷ 26 5
33%
350 ÷ 7 50
33%
510 ÷ 10 51
33%
265 ÷ 5 53
33%
275 ÷ 5 55
33%
440 ÷ 8 55
33%
112 ÷ 2 56
33%
472 ÷ 8 59
33%
150 ÷ 25 6
33%
192 ÷ 32 6
33%
258 ÷ 43 6
33%
480 ÷ 8 60
33%
540 ÷ 9 60
33%
504 ÷ 8 63
33%
585 ÷ 9 65
33%
204 ÷ 3 68
33%
408 ÷ 6 68
33%
414 ÷ 6 69
33%
105 ÷ 15 7
33%
112 ÷ 16 7
33%
133 ÷ 19 7
33%
238 ÷ 34 7
33%
343 ÷ 49 7
33%
84 ÷ 12 7
33%
284 ÷ 4 71
33%
568 ÷ 8 71
33%
219 ÷ 3 73
33%
518 ÷ 7 74
33%
216 ÷ 27 8
33%
232 ÷ 29 8
33%
256 ÷ 32 8
33%
264 ÷ 33 8
33%
560 ÷ 7 80
33%
405 ÷ 5 81
33%
258 ÷ 3 86
33%
333 ÷ 37 9
33%
351 ÷ 39 9
33%
396 ÷ 44 9
33%
72 ÷ 8 9
33%
460 ÷ 5 92
33%
279 ÷ 3 93
33%
282 ÷ 3 94
33%
570 ÷ 6 95
33%
480 ÷ 5 96
33%
576 ÷ 6 96
33%
525 ÷ 35 15
29%
259 ÷ 37 7
29%
266 ÷ 19 14
25%
378 ÷ 27 14
25%
574 ÷ 41 14
25%
426 ÷ 3 142
25%
480 ÷ 32 15
25%
465 ÷ 3 155
25%
336 ÷ 21 16
25%
442 ÷ 26 17
25%
504 ÷ 28 18
25%
392 ÷ 2 196
25%
440 ÷ 22 20
25%
154 ÷ 7 22
25%
198 ÷ 9 22
25%
529 ÷ 23 23
25%
200 ÷ 8 25
25%
405 ÷ 15 27
25%
540 ÷ 20 27
25%
588 ÷ 21 28
25%
232 ÷ 8 29
25%
288 ÷ 8 36
25%
114 ÷ 3 38
25%
215 ÷ 5 43
25%
506 ÷ 11 46
25%
240 ÷ 48 5
25%
224 ÷ 4 56
25%
222 ÷ 37 6
25%
183 ÷ 3 61
25%
448 ÷ 7 64
25%
201 ÷ 3 67
25%
584 ÷ 8 73
25%
546 ÷ 7 78
25%
324 ÷ 4 81
25%
588 ÷ 7 84
25%
252 ÷ 28 9
25%
414 ÷ 46 9
25%
22 ÷ 2 11
20%
216 ÷ 18 12
20%
252 ÷ 21 12
20%
420 ÷ 35 12
20%
308 ÷ 22 14
20%
272 ÷ 17 16
20%
448 ÷ 28 16
20%
234 ÷ 13 18
20%
575 ÷ 23 25
20%
304 ÷ 8 38
20%
456 ÷ 12 38
20%
177 ÷ 3 59
20%
496 ÷ 8 62
20%
469 ÷ 7 67
20%
245 ÷ 35 7
20%
450 ÷ 18 25
17%
507 ÷ 13 39
17%
192 ÷ 12 16
14%
100 ÷ 100 1
0%
15 ÷ 15 1
0%
16 ÷ 16 1
0%
17 ÷ 17 1
0%
31 ÷ 31 1
0%
34 ÷ 34 1
0%
42 ÷ 42 1
0%
44 ÷ 44 1
0%
46 ÷ 46 1
0%
47 ÷ 47 1
0%
48 ÷ 48 1
0%
100 ÷ 10 10
0%
180 ÷ 18 10
0%
20 ÷ 2 10
0%
230 ÷ 23 10
0%
320 ÷ 32 10
0%
380 ÷ 38 10
0%
440 ÷ 44 10
0%
480 ÷ 48 10
0%
300 ÷ 3 100
0%
600 ÷ 6 100
0%
202 ÷ 2 101
0%
505 ÷ 5 101
0%
306 ÷ 3 102
0%
515 ÷ 5 103
0%
416 ÷ 4 104
0%
520 ÷ 5 104
0%
424 ÷ 4 106
0%
530 ÷ 5 106
0%
535 ÷ 5 107
0%
324 ÷ 3 108
0%
540 ÷ 5 108
0%
545 ÷ 5 109
0%
132 ÷ 12 11
0%
143 ÷ 13 11
0%
154 ÷ 14 11
0%
165 ÷ 15 11
0%
176 ÷ 16 11
0%
209 ÷ 19 11
0%
308 ÷ 28 11
0%
330 ÷ 30 11
0%
385 ÷ 35 11
0%
396 ÷ 36 11
0%
418 ÷ 38 11
0%
451 ÷ 41 11
0%
462 ÷ 42 11
0%
484 ÷ 44 11
0%
506 ÷ 46 11
0%
528 ÷ 48 11
0%
539 ÷ 49 11
0%
224 ÷ 2 112
0%
565 ÷ 5 113
0%
460 ÷ 4 115
0%
232 ÷ 2 116
0%
348 ÷ 3 116
0%
580 ÷ 5 116
0%
585 ÷ 5 117
0%
472 ÷ 4 118
0%
238 ÷ 2 119
0%
476 ÷ 4 119
0%
108 ÷ 9 12
0%
120 ÷ 10 12
0%
192 ÷ 16 12
0%
204 ÷ 17 12
0%
228 ÷ 19 12
0%
264 ÷ 22 12
0%
276 ÷ 23 12
0%
300 ÷ 25 12
0%
312 ÷ 26 12
0%
324 ÷ 27 12
0%
336 ÷ 28 12
0%
360 ÷ 30 12
0%
408 ÷ 34 12
0%
444 ÷ 37 12
0%
468 ÷ 39 12
0%
48 ÷ 4 12
0%
492 ÷ 41 12
0%
504 ÷ 42 12
0%
516 ÷ 43 12
0%
552 ÷ 46 12
0%
564 ÷ 47 12
0%
576 ÷ 48 12
0%
588 ÷ 49 12
0%
72 ÷ 6 12
0%
492 ÷ 4 123
0%
250 ÷ 2 125
0%
375 ÷ 3 125
0%
378 ÷ 3 126
0%
504 ÷ 4 126
0%
254 ÷ 2 127
0%
381 ÷ 3 127
0%
384 ÷ 3 128
0%
258 ÷ 2 129
0%
387 ÷ 3 129
0%
156 ÷ 12 13
0%
208 ÷ 16 13
0%
234 ÷ 18 13
0%
247 ÷ 19 13
0%
273 ÷ 21 13
0%
286 ÷ 22 13
0%
325 ÷ 25 13
0%
338 ÷ 26 13
0%
39 ÷ 3 13
0%
403 ÷ 31 13
0%
429 ÷ 33 13
0%
442 ÷ 34 13
0%
468 ÷ 36 13
0%
507 ÷ 39 13
0%
533 ÷ 41 13
0%
546 ÷ 42 13
0%
559 ÷ 43 13
0%
572 ÷ 44 13
0%
585 ÷ 45 13
0%
598 ÷ 46 13
0%
78 ÷ 6 13
0%
264 ÷ 2 132
0%
532 ÷ 4 133
0%
402 ÷ 3 134
0%
272 ÷ 2 136
0%
544 ÷ 4 136
0%
411 ÷ 3 137
0%
414 ÷ 3 138
0%
552 ÷ 4 138
0%
417 ÷ 3 139
0%
112 ÷ 8 14
0%
126 ÷ 9 14
0%
140 ÷ 10 14
0%
168 ÷ 12 14
0%
196 ÷ 14 14
0%
224 ÷ 16 14
0%
238 ÷ 17 14
0%
252 ÷ 18 14
0%
280 ÷ 20 14
0%
294 ÷ 21 14
0%
392 ÷ 28 14
0%
420 ÷ 30 14
0%
434 ÷ 31 14
0%
462 ÷ 33 14
0%
490 ÷ 35 14
0%
504 ÷ 36 14
0%
546 ÷ 39 14
0%
56 ÷ 4 14
0%
70 ÷ 5 14
0%
572 ÷ 4 143
0%
576 ÷ 4 144
0%
435 ÷ 3 145
0%
438 ÷ 3 146
0%
584 ÷ 4 146
0%
441 ÷ 3 147
0%
444 ÷ 3 148
0%
592 ÷ 4 148
0%
298 ÷ 2 149
0%
447 ÷ 3 149
0%
105 ÷ 7 15
0%
120 ÷ 8 15
0%
135 ÷ 9 15
0%
165 ÷ 11 15
0%
255 ÷ 17 15
0%
285 ÷ 19 15
0%
330 ÷ 22 15
0%
345 ÷ 23 15
0%
360 ÷ 24 15
0%
375 ÷ 25 15
0%
390 ÷ 26 15
0%
420 ÷ 28 15
0%
435 ÷ 29 15
0%
450 ÷ 30 15
0%
465 ÷ 31 15
0%
495 ÷ 33 15
0%
555 ÷ 37 15
0%
570 ÷ 38 15
0%
585 ÷ 39 15
0%
453 ÷ 3 151
0%
306 ÷ 2 153
0%
308 ÷ 2 154
0%
462 ÷ 3 154
0%
468 ÷ 3 156
0%
471 ÷ 3 157
0%
316 ÷ 2 158
0%
474 ÷ 3 158
0%
477 ÷ 3 159
0%
224 ÷ 14 16
0%
368 ÷ 23 16
0%
464 ÷ 29 16
0%
48 ÷ 3 16
0%
544 ÷ 34 16
0%
560 ÷ 35 16
0%
592 ÷ 37 16
0%
96 ÷ 6 16
0%
492 ÷ 3 164
0%
495 ÷ 3 165
0%
332 ÷ 2 166
0%
334 ÷ 2 167
0%
501 ÷ 3 167
0%
336 ÷ 2 168
0%
504 ÷ 3 168
0%
507 ÷ 3 169
0%
153 ÷ 9 17
0%
204 ÷ 12 17
0%
238 ÷ 14 17
0%
255 ÷ 15 17
0%
272 ÷ 16 17
0%
289 ÷ 17 17
0%
306 ÷ 18 17
0%
340 ÷ 20 17
0%
374 ÷ 22 17
0%
391 ÷ 23 17
0%
459 ÷ 27 17
0%
476 ÷ 28 17
0%
493 ÷ 29 17
0%
51 ÷ 3 17
0%
510 ÷ 30 17
0%
544 ÷ 32 17
0%
561 ÷ 33 17
0%
578 ÷ 34 17
0%
340 ÷ 2 170
0%
344 ÷ 2 172
0%
516 ÷ 3 172
0%
519 ÷ 3 173
0%
522 ÷ 3 174
0%
350 ÷ 2 175
0%
525 ÷ 3 175
0%
352 ÷ 2 176
0%
534 ÷ 3 178
0%
537 ÷ 3 179
0%
144 ÷ 8 18
0%
162 ÷ 9 18
0%
180 ÷ 10 18
0%
216 ÷ 12 18
0%
252 ÷ 14 18
0%
288 ÷ 16 18
0%
306 ÷ 17 18
0%
324 ÷ 18 18
0%
342 ÷ 19 18
0%
414 ÷ 23 18
0%
432 ÷ 24 18
0%
450 ÷ 25 18
0%
486 ÷ 27 18
0%
522 ÷ 29 18
0%
558 ÷ 31 18
0%
540 ÷ 3 180
0%
362 ÷ 2 181
0%
543 ÷ 3 181
0%
366 ÷ 2 183
0%
549 ÷ 3 183
0%
368 ÷ 2 184
0%
555 ÷ 3 185
0%
558 ÷ 3 186
0%
561 ÷ 3 187
0%
376 ÷ 2 188
0%
564 ÷ 3 188
0%
378 ÷ 2 189
0%
567 ÷ 3 189
0%
133 ÷ 7 19
0%
171 ÷ 9 19
0%
247 ÷ 13 19
0%
266 ÷ 14 19
0%
285 ÷ 15 19
0%
304 ÷ 16 19
0%
323 ÷ 17 19
0%
342 ÷ 18 19
0%
361 ÷ 19 19
0%
38 ÷ 2 19
0%
437 ÷ 23 19
0%
475 ÷ 25 19
0%
57 ÷ 3 19
0%
570 ÷ 30 19
0%
570 ÷ 3 190
0%
576 ÷ 3 192
0%
388 ÷ 2 194
0%
582 ÷ 3 194
0%
585 ÷ 3 195
0%
588 ÷ 3 196
0%
394 ÷ 2 197
0%
14 ÷ 7 2
0%
24 ÷ 12 2
0%
38 ÷ 19 2
0%
58 ÷ 29 2
0%
66 ÷ 33 2
0%
76 ÷ 38 2
0%
78 ÷ 39 2
0%
86 ÷ 43 2
0%
88 ÷ 44 2
0%
90 ÷ 45 2
0%
94 ÷ 47 2
0%
98 ÷ 49 2
0%
180 ÷ 9 20
0%
260 ÷ 13 20
0%
280 ÷ 14 20
0%
340 ÷ 17 20
0%
360 ÷ 18 20
0%
560 ÷ 28 20
0%
580 ÷ 29 20
0%
80 ÷ 4 20
0%
416 ÷ 2 208
0%
147 ÷ 7 21
0%
189 ÷ 9 21
0%
210 ÷ 10 21
0%
252 ÷ 12 21
0%
273 ÷ 13 21
0%
336 ÷ 16 21
0%
357 ÷ 17 21
0%
378 ÷ 18 21
0%
399 ÷ 19 21
0%
420 ÷ 20 21
0%
441 ÷ 21 21
0%
483 ÷ 23 21
0%
525 ÷ 25 21
0%
546 ÷ 26 21
0%
567 ÷ 27 21
0%
588 ÷ 28 21
0%
438 ÷ 2 219
0%
286 ÷ 13 22
0%
352 ÷ 16 22
0%
396 ÷ 18 22
0%
462 ÷ 21 22
0%
506 ÷ 23 22
0%
66 ÷ 3 22
0%
88 ÷ 4 22
0%
444 ÷ 2 222
0%
454 ÷ 2 227
0%
458 ÷ 2 229
0%
138 ÷ 6 23
0%
184 ÷ 8 23
0%
207 ÷ 9 23
0%
253 ÷ 11 23
0%
322 ÷ 14 23
0%
368 ÷ 16 23
0%
391 ÷ 17 23
0%
414 ÷ 18 23
0%
437 ÷ 19 23
0%
483 ÷ 21 23
0%
552 ÷ 24 23
0%
460 ÷ 2 230
0%
462 ÷ 2 231
0%
468 ÷ 2 234
0%
192 ÷ 8 24
0%
336 ÷ 14 24
0%
384 ÷ 16 24
0%
408 ÷ 17 24
0%
432 ÷ 18 24
0%
48 ÷ 2 24
0%
528 ÷ 22 24
0%
552 ÷ 23 24
0%
96 ÷ 4 24
0%
492 ÷ 2 246
0%
100 ÷ 4 25
0%
125 ÷ 5 25
0%
250 ÷ 10 25
0%
275 ÷ 11 25
0%
300 ÷ 12 25
0%
325 ÷ 13 25
0%
350 ÷ 14 25
0%
375 ÷ 15 25
0%
400 ÷ 16 25
0%
425 ÷ 17 25
0%
525 ÷ 21 25
0%
550 ÷ 22 25
0%
600 ÷ 24 25
0%
75 ÷ 3 25
0%
506 ÷ 2 253
0%
156 ÷ 6 26
0%
208 ÷ 8 26
0%
312 ÷ 12 26
0%
390 ÷ 15 26
0%
442 ÷ 17 26
0%
468 ÷ 18 26
0%
494 ÷ 19 26
0%
520 ÷ 20 26
0%
546 ÷ 21 26
0%
598 ÷ 23 26
0%
526 ÷ 2 263
0%
534 ÷ 2 267
0%
538 ÷ 2 269
0%
162 ÷ 6 27
0%
189 ÷ 7 27
0%
216 ÷ 8 27
0%
243 ÷ 9 27
0%
297 ÷ 11 27
0%
378 ÷ 14 27
0%
432 ÷ 16 27
0%
486 ÷ 18 27
0%
567 ÷ 21 27
0%
544 ÷ 2 272
0%
548 ÷ 2 274
0%
552 ÷ 2 276
0%
558 ÷ 2 279
0%
168 ÷ 6 28
0%
196 ÷ 7 28
0%
224 ÷ 8 28
0%
252 ÷ 9 28
0%
336 ÷ 12 28
0%
448 ÷ 16 28
0%
476 ÷ 17 28
0%
504 ÷ 18 28
0%
532 ÷ 19 28
0%
566 ÷ 2 283
0%
568 ÷ 2 284
0%
578 ÷ 2 289
0%
145 ÷ 5 29
0%
203 ÷ 7 29
0%
261 ÷ 9 29
0%
319 ÷ 11 29
0%
377 ÷ 13 29
0%
406 ÷ 14 29
0%
522 ÷ 18 29
0%
551 ÷ 19 29
0%
580 ÷ 20 29
0%
580 ÷ 2 290
0%
582 ÷ 2 291
0%
586 ÷ 2 293
0%
596 ÷ 2 298
0%
108 ÷ 36 3
0%
114 ÷ 38 3
0%
123 ÷ 41 3
0%
129 ÷ 43 3
0%
132 ÷ 44 3
0%
135 ÷ 45 3
0%
144 ÷ 48 3
0%
147 ÷ 49 3
0%
21 ÷ 7 3
0%
42 ÷ 14 3
0%
45 ÷ 15 3
0%
57 ÷ 19 3
0%
69 ÷ 23 3
0%
72 ÷ 24 3
0%
78 ÷ 26 3
0%
81 ÷ 27 3
0%
84 ÷ 28 3
0%
87 ÷ 29 3
0%
9 ÷ 3 3
0%
210 ÷ 7 30
0%
450 ÷ 15 30
0%
510 ÷ 17 30
0%
540 ÷ 18 30
0%
570 ÷ 19 30
0%
186 ÷ 6 31
0%
217 ÷ 7 31
0%
372 ÷ 12 31
0%
403 ÷ 13 31
0%
434 ÷ 14 31
0%
465 ÷ 15 31
0%
496 ÷ 16 31
0%
558 ÷ 18 31
0%
589 ÷ 19 31
0%
160 ÷ 5 32
0%
224 ÷ 7 32
0%
448 ÷ 14 32
0%
480 ÷ 15 32
0%
576 ÷ 18 32
0%
198 ÷ 6 33
0%
231 ÷ 7 33
0%
297 ÷ 9 33
0%
396 ÷ 12 33
0%
462 ÷ 14 33
0%
594 ÷ 18 33
0%
204 ÷ 6 34
0%
238 ÷ 7 34
0%
272 ÷ 8 34
0%
306 ÷ 9 34
0%
374 ÷ 11 34
0%
442 ÷ 13 34
0%
476 ÷ 14 34
0%
510 ÷ 15 34
0%
544 ÷ 16 34
0%
175 ÷ 5 35
0%
420 ÷ 12 35
0%
455 ÷ 13 35
0%
490 ÷ 14 35
0%
70 ÷ 2 35
0%
108 ÷ 3 36
0%
216 ÷ 6 36
0%
468 ÷ 13 36
0%
504 ÷ 14 36
0%
540 ÷ 15 36
0%
72 ÷ 2 36
0%
111 ÷ 3 37
0%
185 ÷ 5 37
0%
259 ÷ 7 37
0%
333 ÷ 9 37
0%
481 ÷ 13 37
0%
555 ÷ 15 37
0%
592 ÷ 16 37
0%
190 ÷ 5 38
0%
532 ÷ 14 38
0%
117 ÷ 3 39
0%
156 ÷ 4 39
0%
234 ÷ 6 39
0%
273 ÷ 7 39
0%
351 ÷ 9 39
0%
390 ÷ 10 39
0%
468 ÷ 12 39
0%
546 ÷ 14 39
0%
108 ÷ 27 4
0%
120 ÷ 30 4
0%
128 ÷ 32 4
0%
144 ÷ 36 4
0%
156 ÷ 39 4
0%
164 ÷ 41 4
0%
168 ÷ 42 4
0%
172 ÷ 43 4
0%
176 ÷ 44 4
0%
180 ÷ 45 4
0%
188 ÷ 47 4
0%
196 ÷ 49 4
0%
20 ÷ 5 4
0%
64 ÷ 16 4
0%
76 ÷ 19 4
0%
80 ÷ 20 4
0%
92 ÷ 23 4
0%
96 ÷ 24 4
0%
240 ÷ 6 40
0%
360 ÷ 9 40
0%
480 ÷ 12 40
0%
520 ÷ 13 40
0%
560 ÷ 14 40
0%
287 ÷ 7 41
0%
369 ÷ 9 41
0%
451 ÷ 11 41
0%
492 ÷ 12 41
0%
533 ÷ 13 41
0%
574 ÷ 14 41
0%
252 ÷ 6 42
0%
294 ÷ 7 42
0%
336 ÷ 8 42
0%
378 ÷ 9 42
0%
462 ÷ 11 42
0%
504 ÷ 12 42
0%
588 ÷ 14 42
0%
129 ÷ 3 43
0%
301 ÷ 7 43
0%
344 ÷ 8 43
0%
387 ÷ 9 43
0%
559 ÷ 13 43
0%
176 ÷ 4 44
0%
264 ÷ 6 44
0%
308 ÷ 7 44
0%
352 ÷ 8 44
0%
396 ÷ 9 44
0%
440 ÷ 10 44
0%
484 ÷ 11 44
0%
572 ÷ 13 44
0%
360 ÷ 8 45
0%
450 ÷ 10 45
0%
540 ÷ 12 45
0%
184 ÷ 4 46
0%
276 ÷ 6 46
0%
322 ÷ 7 46
0%
552 ÷ 12 46
0%
141 ÷ 3 47
0%
235 ÷ 5 47
0%
282 ÷ 6 47
0%
376 ÷ 8 47
0%
564 ÷ 12 47
0%
432 ÷ 9 48
0%
576 ÷ 12 48
0%
147 ÷ 3 49
0%
196 ÷ 4 49
0%
245 ÷ 5 49
0%
343 ÷ 7 49
0%
490 ÷ 10 49
0%
539 ÷ 11 49
0%
105 ÷ 21 5
0%
135 ÷ 27 5
0%
140 ÷ 28 5
0%
150 ÷ 30 5
0%
155 ÷ 31 5
0%
160 ÷ 32 5
0%
170 ÷ 34 5
0%
175 ÷ 35 5
0%
185 ÷ 37 5
0%
190 ÷ 38 5
0%
195 ÷ 39 5
0%
235 ÷ 47 5
0%
65 ÷ 13 5
0%
95 ÷ 19 5
0%
550 ÷ 11 50
0%
153 ÷ 3 51
0%
459 ÷ 9 51
0%
156 ÷ 3 52
0%
312 ÷ 6 52
0%
364 ÷ 7 52
0%
468 ÷ 9 52
0%
318 ÷ 6 53
0%
371 ÷ 7 53
0%
477 ÷ 9 53
0%
583 ÷ 11 53
0%
162 ÷ 3 54
0%
216 ÷ 4 54
0%
432 ÷ 8 54
0%
486 ÷ 9 54
0%
594 ÷ 11 54
0%
168 ÷ 3 56
0%
280 ÷ 5 56
0%
392 ÷ 7 56
0%
448 ÷ 8 56
0%
560 ÷ 10 56
0%
114 ÷ 2 57
0%
342 ÷ 6 57
0%
513 ÷ 9 57
0%
232 ÷ 4 58
0%
290 ÷ 5 58
0%
348 ÷ 6 58
0%
406 ÷ 7 58
0%
464 ÷ 8 58
0%
522 ÷ 9 58
0%
236 ÷ 4 59
0%
295 ÷ 5 59
0%
354 ÷ 6 59
0%
413 ÷ 7 59
0%
590 ÷ 10 59
0%
12 ÷ 2 6
0%
132 ÷ 22 6
0%
162 ÷ 27 6
0%
174 ÷ 29 6
0%
18 ÷ 3 6
0%
186 ÷ 31 6
0%
198 ÷ 33 6
0%
204 ÷ 34 6
0%
216 ÷ 36 6
0%
228 ÷ 38 6
0%
234 ÷ 39 6
0%
252 ÷ 42 6
0%
264 ÷ 44 6
0%
270 ÷ 45 6
0%
276 ÷ 46 6
0%
282 ÷ 47 6
0%
288 ÷ 48 6
0%
66 ÷ 11 6
0%
96 ÷ 16 6
0%
180 ÷ 3 60
0%
420 ÷ 7 60
0%
366 ÷ 6 61
0%
549 ÷ 9 61
0%
124 ÷ 2 62
0%
372 ÷ 6 62
0%
434 ÷ 7 62
0%
558 ÷ 9 62
0%
252 ÷ 4 63
0%
315 ÷ 5 63
0%
441 ÷ 7 63
0%
192 ÷ 3 64
0%
320 ÷ 5 64
0%
512 ÷ 8 64
0%
576 ÷ 9 64
0%
195 ÷ 3 65
0%
390 ÷ 6 65
0%
455 ÷ 7 65
0%
520 ÷ 8 65
0%
198 ÷ 3 66
0%
264 ÷ 4 66
0%
462 ÷ 7 66
0%
268 ÷ 4 67
0%
335 ÷ 5 67
0%
402 ÷ 6 67
0%
536 ÷ 8 67
0%
272 ÷ 4 68
0%
476 ÷ 7 68
0%
345 ÷ 5 69
0%
119 ÷ 17 7
0%
126 ÷ 18 7
0%
14 ÷ 2 7
0%
147 ÷ 21 7
0%
161 ÷ 23 7
0%
182 ÷ 26 7
0%
189 ÷ 27 7
0%
203 ÷ 29 7
0%
210 ÷ 30 7
0%
224 ÷ 32 7
0%
252 ÷ 36 7
0%
294 ÷ 42 7
0%
301 ÷ 43 7
0%
308 ÷ 44 7
0%
315 ÷ 45 7
0%
322 ÷ 46 7
0%
329 ÷ 47 7
0%
336 ÷ 48 7
0%
49 ÷ 7 7
0%
56 ÷ 8 7
0%
70 ÷ 10 7
0%
213 ÷ 3 71
0%
360 ÷ 5 72
0%
432 ÷ 6 72
0%
504 ÷ 7 72
0%
292 ÷ 4 73
0%
365 ÷ 5 73
0%
511 ÷ 7 73
0%
444 ÷ 6 74
0%
592 ÷ 8 74
0%
300 ÷ 4 75
0%
375 ÷ 5 75
0%
450 ÷ 6 75
0%
228 ÷ 3 76
0%
456 ÷ 6 76
0%
532 ÷ 7 76
0%
308 ÷ 4 77
0%
385 ÷ 5 77
0%
539 ÷ 7 77
0%
468 ÷ 6 78
0%
237 ÷ 3 79
0%
144 ÷ 18 8
0%
152 ÷ 19 8
0%
160 ÷ 20 8
0%
168 ÷ 21 8
0%
176 ÷ 22 8
0%
184 ÷ 23 8
0%
200 ÷ 25 8
0%
208 ÷ 26 8
0%
224 ÷ 28 8
0%
240 ÷ 30 8
0%
248 ÷ 31 8
0%
272 ÷ 34 8
0%
288 ÷ 36 8
0%
336 ÷ 42 8
0%
352 ÷ 44 8
0%
360 ÷ 45 8
0%
384 ÷ 48 8
0%
48 ÷ 6 8
0%
480 ÷ 6 80
0%
486 ÷ 6 81
0%
567 ÷ 7 81
0%
246 ÷ 3 82
0%
328 ÷ 4 82
0%
574 ÷ 7 82
0%
332 ÷ 4 83
0%
498 ÷ 6 83
0%
581 ÷ 7 83
0%
336 ÷ 4 84
0%
420 ÷ 5 84
0%
504 ÷ 6 84
0%
425 ÷ 5 85
0%
344 ÷ 4 86
0%
430 ÷ 5 86
0%
516 ÷ 6 86
0%
174 ÷ 2 87
0%
261 ÷ 3 87
0%
435 ÷ 5 87
0%
522 ÷ 6 87
0%
264 ÷ 3 88
0%
352 ÷ 4 88
0%
528 ÷ 6 88
0%
356 ÷ 4 89
0%
534 ÷ 6 89
0%
117 ÷ 13 9
0%
126 ÷ 14 9
0%
135 ÷ 15 9
0%
189 ÷ 21 9
0%
198 ÷ 22 9
0%
207 ÷ 23 9
0%
216 ÷ 24 9
0%
234 ÷ 26 9
0%
270 ÷ 30 9
0%
279 ÷ 31 9
0%
288 ÷ 32 9
0%
297 ÷ 33 9
0%
342 ÷ 38 9
0%
36 ÷ 4 9
0%
369 ÷ 41 9
0%
378 ÷ 42 9
0%
405 ÷ 45 9
0%
423 ÷ 47 9
0%
441 ÷ 49 9
0%
455 ÷ 5 91
0%
368 ÷ 4 92
0%
552 ÷ 6 92
0%
372 ÷ 4 93
0%
558 ÷ 6 93
0%
470 ÷ 5 94
0%
475 ÷ 5 95
0%
384 ÷ 4 96
0%
388 ÷ 4 97
0%
582 ÷ 6 97
0%
196 ÷ 2 98
0%
294 ÷ 3 98
0%
392 ÷ 4 98
0%
490 ÷ 5 98
0%
588 ÷ 6 98
0%
297 ÷ 3 99
0%
594 ÷ 6 99
0%
Ehtoja vastaavia visoja ei löytynyt
Tulosjakauma
Jokaisen tuloksen saaneiden osuus
Persentiili vastausten määrän mukaan
Tuloshistoriasi
Et ole pelannut tätä visaa